000
00245nam a2200097Ia 4500
082
_a
EJF FRAN
245
0
_a
White Fang
100
_a
FRANCIS, Pauline London, 2003
_9
99758
942
_c
BK
008
210817s9999 xx 000 0 und d
999
_c
424686
_d
424685